| 000 | 00496nam a22001817a 4500 | ||
|---|---|---|---|
| 005 | 20260424131735.0 | ||
| 008 | 260424b |||||||| |||| 00| 0 eng d | ||
| 020 |
_a9798886130942 _c1195.00 |
||
| 040 | _aMAIN | ||
| 041 | _aEnglish | ||
| 082 |
_a519.2 _bTIJ |
||
| 100 |
_aTijms, Henk _926742 |
||
| 245 | _aFirst Course in Probability for Computer and Data Science | ||
| 260 |
_aNew Jersey _bWorld Scientific _c2024 |
||
| 300 | _a233 | ||
| 650 |
_aMathematics (PM USHA) _926738 |
||
| 942 | _cBK | ||
| 999 |
_c60728 _d60728 |
||